| 000 | 01213nam0a22003011 4500 | ||
|---|---|---|---|
| 001 | RU\INFOCOMM_322\NLR\5000209410 | ||
| 005 | 20250614080118.0 | ||
| 035 | _a(NLR Aleph) 010593834 | ||
| 090 |
_a10512403 _c10512403 |
||
| 100 | _a20130304d1972 |||y0rusy50 ca | ||
| 101 | 0 | _aeng | |
| 102 | _aRU | ||
| 105 | _ay z|||| | ||
| 200 | 1 |
_aMultiple charged particle production in π⁻ρ and π⁻n interactions at ρ = 40 GEV/C _fV. G. Grishin, G. Jancsó, S. P. Kuleshov [a. o.] |
|
| 210 |
_aДубна _d1972 |
||
| 215 |
_a11 с. _cил. _d21 см |
||
| 225 | 1 |
_a[Издания] _fОбъедин. ин-т ядерных исследований _fЛаб. теорет. физики. Лаб. высоких энергий _vЕ2-6596 |
|
| 320 | _aБиблиогр.: с. 10-11 | ||
| 606 | 0 |
_aПионы (физ.) _xВзаимодействие с протонами _2nlr_sh1 |
|
| 606 | 0 |
_aПионы (физ.) _xВзаимодействия с нейтронами _2nlr_sh1 |
|
| 686 |
_aФ3-1605 _2rubbk |
||
| 701 | 1 |
_9z02790 _aGrišin _bV. G. |
|
| 790 | 1 |
_9z02701 _aGrishin _bV. G. _4070 |
|
| 801 | 1 |
_aRU _bInfocomm _c20130304 |
|
| 801 | 0 |
_aRU _bINFOCOMM _gPSBO |
|
| 852 |
_aNLR _jP11/3130 |
||
| 942 | _cBOOK | ||
| 980 | _aNB | ||